[Event "DEM U10 2025"]
[Site "Willingen GER"]
[Date "2025.06.08"]
[Round "2"]
[White "Solar, Mavi"]
[Black "Brucker, Oscar"]
[Result "1-0"]
[Termination "normal"]
[Board "22"]
[WhiteElo "1297"]
[BlackElo "1795"]
[WhiteClock "00:04:12"]
[BlackClock "00:53:34"]
[PlyCount "79"]
[WhiteFideId "533008973"]
[BlackFideId "533026432"]
[EventCountry "GER"]
[EventRounds "9"]
[EventType "swiss"]
[EventDate "2025.06.07"]

1. e4 {[%clk 01:30:58]} {[%emt 00:00:01]} e5 {[%clk 01:28:59]} {[%emt
00:02:02]} 2. Nf3 {[%clk 01:30:42]} {[%emt 00:00:46]} Nc6 {[%clk 01:29:22]}
{[%emt 00:00:07]} 3. Bb5 {[%clk 01:31:04]} {[%emt 00:00:07]} Bc5 {[%clk
01:28:46]} {[%emt 00:01:07]} 4. Bxc6 {[%emt 00:01:29]} dxc6 {[%clk 01:29:10]}
{[%emt 00:00:04]} 5. O-O {[%clk 01:28:44]} {[%emt 00:01:53]} Bg4 {[%clk
01:28:37]} {[%emt 00:01:03]} 6. Nc3 {[%clk 01:28:01]} {[%emt 00:01:13]} Nf6
{[%clk 01:28:51]} {[%emt 00:00:16]} 7. d3 {[%clk 01:27:58]} {[%emt 00:00:32]}
h6 {[%clk 01:29:12]} {[%emt 00:00:10]} 8. Qe2 {[%clk 01:27:25]} {[%emt
00:01:03]} Bd4 {[%clk 01:26:39]} {[%emt 00:03:04]} 9. Be3 {[%clk 01:25:56]}
{[%emt 00:01:58]} Bxc3 {[%clk 01:26:23]} {[%emt 00:00:47]} 10. bxc3 {[%clk
01:24:56]} {[%emt 00:01:29]} O-O {[%clk 01:25:40]} {[%emt 00:01:12]} 11. Rab1
{[%clk 01:21:50]} {[%emt 00:03:36]} b6 {[%clk 01:23:14]} {[%emt 00:02:57]} 12.
Bd2 {[%clk 01:19:49]} {[%emt 00:02:31]} Re8 {[%clk 01:22:08]} {[%emt 00:01:36]}
13. Qe3 {[%clk 01:17:27]} {[%emt 00:02:52]} Qd7 {[%clk 01:19:58]} {[%emt
00:02:41]} 14. h3 {[%clk 01:14:37]} {[%emt 00:03:20]} Bh5 {[%clk 01:20:02]}
{[%emt 00:00:26]} 15. Nh4 {[%clk 01:11:15]} {[%emt 00:03:51]} Rad8 {[%clk
01:18:30]} {[%emt 00:02:02]} 16. Nf5 {[%clk 01:10:44]} {[%emt 00:01:01]} Bg6
{[%clk 01:17:21]} {[%emt 00:01:39]} 17. Ng3 {[%clk 01:06:00]} {[%emt 00:05:13]}
c5 {[%clk 01:15:57]} {[%emt 00:01:54]} 18. c4 {[%clk 01:04:36]} {[%emt
00:01:55]} Qd4 {[%clk 01:14:41]} {[%emt 00:01:47]} 19. Ne2 {[%clk 01:01:26]}
{[%emt 00:03:39]} Qd6 {[%clk 01:13:43]} {[%emt 00:01:28]} 20. Rbd1 {[%clk
00:58:01]} {[%emt 00:03:55]} Qc6 {[%clk 01:12:10]} {[%emt 00:02:03]} 21. Nc3
{[%clk 00:52:57]} {[%emt 00:05:34]} a6 {[%clk 01:10:36]} {[%emt 00:02:04]} 22.
Rb1 {[%clk 00:46:36]} {[%emt 00:06:49]} Rd7 {[%clk 01:09:05]} {[%emt 00:02:03]}
23. f3 {[%clk 00:40:45]} {[%emt 00:06:20]} Rb8 {[%clk 01:07:02]} {[%emt
00:02:32]} 24. a4 {[%clk 00:38:22]} {[%emt 00:02:54]} Qd6 {[%clk 01:07:18]}
{[%emt 00:00:13]} 25. Rfe1 {[%clk 00:34:01]} {[%emt 00:04:52]} c6 {[%clk
01:05:44]} {[%emt 00:02:05]} 26. Rb2 {[%clk 00:26:55]} {[%emt 00:07:36]} Nh7
{[%clk 01:03:01]} {[%emt 00:03:12]} 27. Reb1 {[%clk 00:24:02]} {[%emt
00:03:23]} Rdb7 {[%clk 01:03:18]} {[%emt 00:00:14]} 28. f4 {[%clk 00:21:49]}
{[%emt 00:02:41]} f6 {[%clk 01:00:07]} {[%emt 00:03:43]} 29. Qg3 {[%clk
00:17:52]} {[%emt 00:04:27]} Bf7 {[%clk 00:58:07]} {[%emt 00:02:30]} 30. f5
{[%clk 00:09:53]} {[%emt 00:08:30]} Ng5 {[%clk 00:57:49]} {[%emt 00:00:47]} 31.
h4 {[%clk 00:09:14]} {[%emt 00:01:09]} Nh7 {[%clk 00:57:38]} {[%emt 00:00:41]}
32. Bxh6 {[%clk 00:08:09]} {[%emt 00:01:35]} Be8 {[%clk 00:55:03]} {[%emt
00:03:03]} 33. Rxb6 {[%clk 00:06:55]} {[%emt 00:01:47]} Qd4+ {[%clk 00:54:15]}
{[%emt 00:01:18]} 34. Kh2 {[%clk 00:06:49]} {[%emt 00:00:35]} Rf7 {[%clk
00:53:59]} {[%emt 00:00:47]} 35. Rxb8 {[%clk 00:06:11]} {[%emt 00:01:08]} Kf8
{[%clk 00:53:57]} {[%emt 00:00:31]} 36. Bxg7+ {[%clk 00:04:18]} {[%emt
00:02:22]} Rxg7 {[%clk 00:54:16]} {[%emt 00:00:11]} 37. Rxe8+ {[%clk 00:04:29]}
{[%emt 00:00:20]} Kxe8 {[%clk 00:54:37]} {[%emt 00:00:10]} 38. Qxg7 {[%clk
00:04:30]} {[%emt 00:00:28]} Qd8 {[%clk 00:53:57]} {[%emt 00:01:09]} 39. Rb7
{[%clk 00:03:59]} {[%emt 00:01:02]} Ng5 {[%clk 00:53:34]} {[%emt 00:00:54]} 40.
Qg8# {[%clk 00:04:12]} {[%emt 00:00:16]} 1-0

[Event "DEM U10 2025"]
[Site "Willingen GER"]
[Date "2025.06.08"]
[Round "2"]
[White "Fendel, Arsenij"]
[Black "Al Luwaisi, Taim"]
[Result "1-0"]
[Termination "normal"]
[Board "23"]
[WhiteElo "1279"]
[BlackElo "1694"]
[WhiteClock "01:20:09"]
[BlackClock "01:13:43"]
[PlyCount "91"]
[WhiteFideId "533009635"]
[BlackFideId "34645896"]
[EventCountry "GER"]
[EventRounds "9"]
[EventType "swiss"]
[EventDate "2025.06.07"]

1. e4 {[%clk 01:30:55]} {[%emt 00:00:03]} c6 {[%clk 01:30:55]} {[%emt
00:00:06]} 2. d4 {[%clk 01:30:24]} {[%emt 00:01:01]} d5 {[%clk 01:28:24]}
{[%emt 00:03:01]} 3. e5 {[%clk 01:28:04]} {[%emt 00:02:49]} Bf5 {[%clk
01:28:03]} {[%emt 00:00:52]} 4. Nc3 {[%clk 01:28:13]} {[%emt 00:00:21]} e6
{[%clk 01:28:21]} {[%emt 00:00:11]} 5. g4 {[%clk 01:28:18]} {[%emt 00:00:25]}
Bg6 {[%clk 01:28:40]} {[%emt 00:00:11]} 6. Nge2 {[%clk 01:27:19]} {[%emt
00:01:29]} c5 {[%clk 01:28:52]} {[%emt 00:00:18]} 7. Be3 {[%clk 01:27:19]}
{[%emt 00:00:29]} Nc6 {[%clk 01:26:24]} {[%emt 00:02:59]} 8. h4 {[%clk
01:26:31]} {[%emt 00:01:19]} h5 {[%clk 01:26:29]} {[%emt 00:00:25]} 9. Ng3
{[%clk 01:25:36]} {[%emt 00:01:24]} hxg4 {[%clk 01:23:29]} {[%emt 00:03:31]}
10. Qxg4 {[%clk 01:24:28]} {[%emt 00:01:36]} Nxe5 {[%clk 01:18:37]} {[%emt
00:05:23]} 11. dxe5 {[%clk 01:24:23]} {[%emt 00:00:35]} d4 {[%clk 01:18:55]}
{[%emt 00:00:12]} 12. Bg5 {[%clk 01:24:52]} {[%emt 00:00:01]} Qa5 {[%clk
01:19:14]} {[%emt 00:00:12]} 13. Bb5+ {[%clk 01:25:03]} {[%emt 00:00:19]} Qxb5
{[%emt 00:01:16]} 14. Nxb5 {[%clk 01:25:20]} {[%emt 00:00:02]} Bxc2 {[%clk
01:18:31]} {[%emt 00:00:36]} 15. Nc7+ {[%clk 01:25:44]} {[%emt 00:00:06]} Kd7
{[%clk 01:18:46]} {[%emt 00:00:16]} 16. Nxa8 {[%clk 01:26:06]} {[%emt
00:00:09]} Be7 {[%clk 01:17:30]} {[%emt 00:01:46]} 17. Bxe7 {[%clk 01:26:20]}
{[%emt 00:00:16]} Nxe7 {[%clk 01:17:51]} {[%emt 00:00:08]} 18. Qe2 {[%clk
01:25:49]} {[%emt 00:00:59]} d3 {[%clk 01:18:08]} {[%emt 00:00:15]} 19. Qd2
{[%clk 01:26:03]} {[%emt 00:00:16]} Rxa8 {[%clk 01:18:20]} {[%emt 00:00:18]}
20. b3 {[%clk 01:26:16]} {[%emt 00:00:17]} Nc6 {[%clk 01:18:07]} {[%emt
00:00:44]} 21. O-O {[%clk 01:26:05]} {[%emt 00:00:40]} Nxe5 {[%clk 01:17:58]}
{[%emt 00:00:38]} 22. Kg2 {[%clk 01:25:54]} {[%emt 00:00:40]} c4 {[%clk
01:16:40]} {[%emt 00:01:49]} 23. Qg5 {[%clk 01:25:12]} {[%emt 00:01:07]} Nc6
{[%clk 01:13:16]} {[%emt 00:03:58]} 24. bxc4 {[%clk 01:24:56]} {[%emt
00:00:46]} g6 {[%clk 01:13:26]} {[%emt 00:00:20]} 25. Rad1 {[%clk 01:22:18]}
{[%emt 00:03:08]} Bxd1 {[%clk 01:12:47]} {[%emt 00:01:10]} 26. Rxd1 {[%clk
01:22:42]} {[%emt 00:00:06]} e5 {[%clk 01:11:59]} {[%emt 00:01:17]} 27. Rxd3+
{[%clk 01:22:47]} {[%emt 00:00:25]} Kc7 {[%clk 01:12:17]} {[%emt 00:00:12]} 28.
Qf6 {[%clk 01:21:47]} {[%emt 00:01:28]} Kb6 {[%clk 01:10:48]} {[%emt 00:02:01]}
29. Qxf7 {[%clk 01:21:16]} {[%emt 00:01:00]} Rb8 {[%clk 01:10:53]} {[%emt
00:00:25]} 30. Rd5 {[%clk 01:21:13]} {[%emt 00:00:32]} a6 {[%clk 01:11:14]}
{[%emt 00:00:10]} 31. a4 {[%clk 01:21:18]} {[%emt 00:00:25]} Ka7 {[%clk
01:11:24]} {[%emt 00:00:20]} 32. Ne4 {[%clk 01:21:02]} {[%emt 00:00:44]} Nb4
{[%clk 01:11:09]} {[%emt 00:00:47]} 33. Rd7 {[%clk 01:19:33]} {[%emt 00:01:58]}
Nc6 {[%clk 01:11:24]} {[%emt 00:00:16]} 34. Rc7 {[%clk 01:18:35]} {[%emt
00:01:28]} Ka8 {[%clk 01:11:42]} {[%emt 00:00:13]} 35. Nd6 {[%clk 01:18:46]}
{[%emt 00:00:18]} Na5 {[%clk 01:11:46]} {[%emt 00:00:26]} 36. Rc8 {[%clk
01:19:06]} {[%emt 00:00:10]} Rxc8 {[%clk 01:11:45]} {[%emt 00:00:31]} 37. Nxc8
{[%clk 01:19:24]} {[%emt 00:00:12]} e4 {[%clk 01:11:59]} {[%emt 00:00:16]} 38.
c5 {[%clk 01:19:26]} {[%emt 00:00:28]} Nc6 {[%clk 01:12:23]} {[%emt 00:00:07]}
39. Qe8 {[%clk 01:18:42]} {[%emt 00:01:13]} Nb8 {[%clk 01:12:42]} {[%emt
00:00:11]} 40. Qxg6 {[%clk 01:18:48]} {[%emt 00:00:23]} Nc6 {[%emt 00:00:25]}
41. Nb6+ {[%clk 01:18:56]} {[%emt 00:00:20]} Ka7 {[%clk 01:13:13]} {[%emt
00:00:07]} 42. h5 {[%clk 01:19:06]} {[%emt 00:00:19]} a5 {[%clk 01:13:27]}
{[%emt 00:00:18]} 43. h6 {[%clk 01:19:22]} {[%emt 00:00:14]} Ne7 {[%clk
01:13:22]} {[%emt 00:00:34]} 44. Qe8 {[%clk 01:19:37]} {[%emt 00:00:15]} Nc8
{[%clk 01:13:24]} {[%emt 00:00:29]} 45. Qxc8 {[%clk 01:19:45]} {[%emt
00:00:21]} e3 {[%clk 01:13:43]} {[%emt 00:00:12]} 46. Qa8# {[%clk 01:20:09]}
{[%emt 00:00:06]} 1-0

[Event "DEM U10 2025"]
[Site "Willingen GER"]
[Date "2025.06.08"]
[Round "2"]
[White "Durst, Lorenz"]
[Black "Hübner, Jakob"]
[Result "1-0"]
[Termination "normal"]
[Board "24"]
[WhiteElo "1429"]
[BlackElo "1314"]
[WhiteClock "01:12:39"]
[BlackClock "00:24:15"]
[PlyCount "73"]
[WhiteFideId "533043493"]
[BlackFideId "34684107"]
[EventCountry "GER"]
[EventRounds "9"]
[EventType "swiss"]
[EventDate "2025.06.07"]

1. e4 {[%clk 01:30:56]} {[%emt 00:00:04]} c5 {[%clk 01:30:58]} {[%emt
00:00:03]} 2. c3 {[%clk 01:31:17]} {[%emt 00:00:08]} Nf6 {[%clk 01:31:23]}
{[%emt 00:00:05]} 3. e5 {[%clk 01:31:43]} {[%emt 00:00:04]} Nd5 {[%clk
01:31:45]} {[%emt 00:00:08]} 4. d4 {[%clk 01:31:39]} {[%emt 00:00:34]} cxd4
{[%clk 01:32:09]} {[%emt 00:00:06]} 5. cxd4 {[%clk 01:32:04]} {[%emt 00:00:05]}
e6 {[%clk 01:32:31]} {[%emt 00:00:08]} 6. Nc3 {[%clk 01:32:22]} {[%emt
00:00:12]} Nxc3 {[%clk 01:32:52]} {[%emt 00:00:09]} 7. bxc3 {[%clk 01:32:46]}
{[%emt 00:00:06]} Qc7 {[%clk 01:33:14]} {[%emt 00:00:08]} 8. Bd2 {[%clk
01:33:02]} {[%emt 00:00:14]} b6 {[%clk 01:33:40]} {[%emt 00:00:05]} 9. Nf3
{[%clk 01:33:25]} {[%emt 00:00:07]} Bb7 {[%clk 01:34:03]} {[%emt 00:00:06]} 10.
Bd3 {[%clk 01:33:36]} {[%emt 00:00:18]} d6 {[%clk 01:34:19]} {[%emt 00:00:15]}
11. O-O {[%clk 01:33:56]} {[%emt 00:00:10]} Nc6 {[%clk 01:34:42]} {[%emt
00:00:07]} 12. Re1 {[%clk 01:34:14]} {[%emt 00:00:13]} Be7 {[%clk 01:34:29]}
{[%emt 00:00:42]} 13. Qc2 {[%clk 01:34:34]} {[%emt 00:00:11]} h6 {[%clk
01:33:51]} {[%emt 00:01:07]} 14. h3 {[%clk 01:33:08]} {[%emt 00:01:57]} O-O-O
{[%clk 00:58:52]} {[%emt 00:35:30]} 15. Rac1 {[%clk 01:30:00]} {[%emt
00:03:33]} Rdg8 {[%clk 00:53:00]} {[%emt 00:06:24]} 16. c4 {[%clk 01:27:45]}
{[%emt 00:02:47]} g5 {[%clk 00:49:35]} {[%emt 00:03:55]} 17. exd6 {[%clk
01:27:18]} {[%emt 00:00:58]} Bxd6 {[%clk 00:49:25]} {[%emt 00:00:38]} 18. d5
{[%clk 01:27:21]} {[%emt 00:00:28]} Nd8 {[%clk 00:47:47]} {[%emt 00:02:08]} 19.
Bc3 {[%clk 01:27:00]} {[%emt 00:00:51]} exd5 {[%clk 00:46:32]} {[%emt
00:01:45]} 20. Bxh8 {[%clk 01:27:18]} {[%emt 00:00:13]} Rxh8 {[%clk 00:46:00]}
{[%emt 00:01:00]} 21. cxd5 {[%clk 01:27:30]} {[%emt 00:00:20]} Bxd5 {[%clk
00:45:37]} {[%emt 00:00:49]} 22. Qxc7+ {[%clk 01:27:16]} {[%emt 00:00:45]} Bxc7
{[%clk 00:45:51]} {[%emt 00:00:17]} 23. Re7 {[%clk 01:27:13]} {[%emt 00:00:33]}
Nc6 {[%clk 00:43:07]} {[%emt 00:03:15]} 24. Re2 {[%clk 01:26:49]} {[%emt
00:00:53]} Nb4 {[%clk 00:42:47]} {[%emt 00:00:42]} 25. Bb1 {[%clk 01:24:53]}
{[%emt 00:02:36]} Kb8 {[%emt 00:03:26]} 26. Nd4 {[%clk 01:23:08]} {[%emt
00:02:08]} Rd8 {[%clk 00:37:32]} {[%emt 00:02:55]} 27. Nf5 {[%clk 01:21:57]}
{[%emt 00:01:42]} h5 {[%clk 00:34:47]} {[%emt 00:03:13]} 28. a3 {[%clk
01:20:18]} {[%emt 00:02:12]} Nc6 {[%clk 00:32:58]} {[%emt 00:02:19]} 29. Ne7
{[%clk 01:18:44]} {[%emt 00:02:03]} Nxe7 {[%clk 00:28:44]} {[%emt 00:04:43]}
30. Rxe7 {[%clk 01:18:52]} {[%emt 00:00:23]} Bc6 {[%clk 00:26:56]} {[%emt
00:02:17]} 31. Rxf7 {[%clk 01:15:44]} {[%emt 00:03:40]} Bf4 {[%clk 00:26:34]}
{[%emt 00:00:51]} 32. Re1 {[%clk 01:13:40]} {[%emt 00:02:35]} Bd5 {[%clk
00:26:06]} {[%emt 00:00:57]} 33. Rfe7 {[%clk 01:13:17]} {[%emt 00:00:54]} Bd6
{[%clk 00:24:48]} {[%emt 00:01:41]} 34. R7e3 {[%clk 01:13:28]} {[%emt
00:00:24]} Bf4 {[%clk 00:24:21]} {[%emt 00:00:56]} 35. Rd3 {[%clk 01:12:55]}
{[%emt 00:01:05]} Kc7 {[%emt 00:00:41]} 36. Red1 {[%clk 01:13:04]} {[%emt
00:00:18]} Kc6 {[%clk 00:24:15]} {[%emt 00:00:28]} 37. Rxd5 {[%clk 01:12:39]}
{[%emt 00:00:55]} 1-0

[Event "DEM U10 2025"]
[Site "Willingen GER"]
[Date "2025.06.08"]
[Round "2"]
[White "Gavrylchenko, Illia"]
[Black "Schulze, Jonas"]
[Result "0-1"]
[Termination "normal"]
[Board "25"]
[WhiteElo "1428"]
[BlackElo "1658"]
[WhiteClock "00:23:56"]
[BlackClock "01:29:02"]
[PlyCount "148"]
[WhiteFideId "34682007"]
[BlackFideId "34687912"]
[EventCountry "GER"]
[EventRounds "9"]
[EventType "swiss"]
[EventDate "2025.06.07"]

1. e4 {[%clk 01:30:57]} {[%emt 00:00:03]} e5 {[%clk 01:30:51]} {[%emt
00:00:10]} 2. Nc3 {[%clk 01:31:23]} {[%emt 00:00:05]} Nf6 {[%clk 01:31:07]}
{[%emt 00:00:13]} 3. f4 {[%clk 01:31:46]} {[%emt 00:00:07]} d5 {[%clk
01:31:24]} {[%emt 00:00:13]} 4. fxe5 {[%clk 01:32:10]} {[%emt 00:00:06]} Nxe4
{[%clk 01:31:31]} {[%emt 00:00:22]} 5. Qf3 {[%emt 00:00:09]} Nxc3 {[%clk
01:31:23]} {[%emt 00:00:37]} 6. bxc3 {[%clk 01:32:50]} {[%emt 00:00:14]} c5
{[%clk 01:31:33]} {[%emt 00:00:19]} 7. Qg3 {[%clk 01:24:44]} {[%emt 00:08:35]}
Nc6 {[%clk 01:31:06]} {[%emt 00:00:58]} 8. Nf3 {[%clk 01:23:32]} {[%emt
00:01:42]} Be6 {[%clk 01:30:40]} {[%emt 00:00:56]} 9. Be2 {[%clk 01:20:52]}
{[%emt 00:03:10]} Qd7 {[%clk 01:30:09]} {[%emt 00:01:02]} 10. d3 {[%clk
01:18:30]} {[%emt 00:02:50]} O-O-O {[%clk 01:27:20]} {[%emt 00:03:20]} 11. O-O
{[%clk 01:16:03]} {[%emt 00:02:57]} Be7 {[%clk 01:27:15]} {[%emt 00:00:35]} 12.
Bg5 {[%clk 01:10:23]} {[%emt 00:06:09]} Bxg5 {[%clk 01:26:09]} {[%emt
00:01:37]} 13. Nxg5 {[%clk 01:09:48]} {[%emt 00:01:05]} h6 {[%clk 01:25:30]}
{[%emt 00:01:10]} 14. Nxe6 {[%clk 01:07:01]} {[%emt 00:03:17]} fxe6 {[%clk
01:25:34]} {[%emt 00:00:25]} 15. Qe3 {[%clk 00:59:21]} {[%emt 00:08:10]} d4
{[%clk 01:25:41]} {[%emt 00:00:25]} 16. cxd4 {[%clk 00:59:45]} {[%emt
00:00:05]} Nxd4 {[%clk 01:25:44]} {[%emt 00:00:27]} 17. Qd2 {[%clk 00:57:46]}
{[%emt 00:02:27]} g5 {[%clk 01:25:25]} {[%emt 00:00:50]} 18. Bf3 {[%clk
00:55:18]} {[%emt 00:02:57]} c4 {[%clk 01:24:48]} {[%emt 00:01:08]} 19. Qc3
{[%clk 00:52:54]} {[%emt 00:02:50]} Nxf3+ {[%clk 01:24:20]} {[%emt 00:01:03]}
20. Rxf3 {[%clk 00:52:57]} {[%emt 00:00:26]} Qd4+ {[%clk 01:24:11]} {[%emt
00:00:38]} 21. Qxd4 {[%clk 00:53:04]} {[%emt 00:00:23]} Rxd4 {[%clk 01:24:27]}
{[%emt 00:00:14]} 22. Rd1 {[%clk 00:51:41]} {[%emt 00:01:52]} Rhd8 {[%clk
01:24:26]} {[%emt 00:00:33]} 23. Rf6 {[%clk 00:48:44]} {[%emt 00:03:25]} cxd3
{[%clk 01:24:01]} {[%emt 00:00:57]} 24. cxd3 {[%clk 00:49:10]} {[%emt
00:00:04]} Rxd3 {[%clk 01:24:12]} {[%emt 00:00:19]} 25. Rxd3 {[%clk 00:49:31]}
{[%emt 00:00:08]} Rxd3 {[%clk 01:24:27]} {[%emt 00:00:16]} 26. Rxe6 {[%clk
00:49:55]} {[%emt 00:00:06]} Rd1+ {[%clk 01:23:55]} {[%emt 00:01:01]} 27. Kf2
{[%clk 00:50:20]} {[%emt 00:00:06]} Rd2+ {[%clk 01:24:17]} {[%emt 00:00:08]}
28. Kg3 {[%clk 00:50:17]} {[%emt 00:00:33]} Rxa2 {[%clk 01:24:37]} {[%emt
00:00:10]} 29. Rxh6 {[%clk 00:50:41]} {[%emt 00:00:06]} b5 {[%clk 01:24:41]}
{[%emt 00:00:26]} 30. Rd6 {[%clk 00:46:05]} {[%emt 00:05:04]} Re2 {[%clk
01:23:57]} {[%emt 00:01:15]} 31. Rd5 {[%clk 00:42:31]} {[%emt 00:04:03]} b4
{[%clk 01:23:59]} {[%emt 00:00:30]} 32. Rb5 {[%clk 00:42:33]} {[%emt 00:00:26]}
Rb2 {[%clk 01:23:55]} {[%emt 00:00:35]} 33. Kf3 {[%clk 00:40:14]} {[%emt
00:02:47]} a6 {[%clk 01:24:14]} {[%emt 00:00:13]} 34. Rb6 {[%clk 00:40:36]}
{[%emt 00:00:07]} a5 {[%clk 01:24:15]} {[%emt 00:00:30]} 35. Ra6 {[%clk
00:39:52]} {[%emt 00:01:12]} Ra2 {[%clk 01:24:22]} {[%emt 00:00:25]} 36. Ke3
{[%clk 00:38:33]} {[%emt 00:01:49]} Kb7 {[%clk 01:24:22]} {[%emt 00:00:30]} 37.
Rd6 {[%clk 00:37:13]} {[%emt 00:01:50]} Ra1 {[%clk 01:24:06]} {[%emt 00:00:46]}
38. Kd2 {[%clk 00:35:00]} {[%emt 00:02:41]} b3 {[%clk 01:23:46]} {[%emt
00:00:52]} 39. Kc3 {[%clk 00:33:55]} {[%emt 00:01:34]} a4 {[%clk 01:23:58]}
{[%emt 00:00:20]} 40. e6 {[%clk 00:33:54]} {[%emt 00:00:28]} Rc1+ {[%clk
01:23:39]} {[%emt 00:00:51]} 41. Kb2 {[%clk 00:26:11]} {[%emt 00:08:13]} Rc2+
{[%clk 01:23:34]} {[%emt 00:00:35]} 42. Ka1 {[%clk 00:26:24]} {[%emt 00:00:17]}
a3 {[%clk 01:23:33]} {[%emt 00:00:32]} 43. Rd1 {[%clk 00:25:08]} {[%emt
00:01:39]} Rxg2 {[%clk 01:23:23]} {[%emt 00:00:46]} 44. Re1 {[%clk 00:23:32]}
{[%emt 00:02:06]} Ra2+ {[%clk 01:23:11]} {[%emt 00:00:38]} 45. Kb1 {[%clk
00:23:34]} {[%emt 00:00:33]} Rb2+ {[%clk 01:23:33]} {[%emt 00:00:08]} 46. Kc1
{[%clk 00:23:02]} {[%emt 00:01:01]} Rc2+ {[%clk 01:23:53]} {[%emt 00:00:11]}
47. Kb1 {[%clk 00:23:16]} {[%emt 00:00:15]} Rc8 {[%clk 01:23:17]} {[%emt
00:01:06]} 48. Rd1 {[%clk 00:22:22]} {[%emt 00:01:21]} Re8 {[%clk 01:22:43]}
{[%emt 00:01:07]} 49. Rd3 {[%clk 00:21:27]} {[%emt 00:01:23]} a2+ {[%clk
01:22:30]} {[%emt 00:00:46]} 50. Kb2 {[%clk 00:20:26]} {[%emt 00:01:30]} Ra8
{[%clk 01:22:04]} {[%emt 00:00:56]} 51. Rxb3+ {[%clk 00:20:43]} {[%emt
00:00:15]} Kc6 {[%clk 01:22:18]} {[%emt 00:00:15]} 52. Rc3+ {[%clk 00:20:46]}
{[%emt 00:00:26]} Kd6 {[%clk 01:22:29]} {[%emt 00:00:17]} 53. Rc1 {[%clk
00:20:34]} {[%emt 00:00:41]} a1=Q+ {[%emt 00:00:23]} 54. Rxa1 {[%clk 00:20:41]}
{[%emt 00:00:23]} Rxa1 {[%clk 01:23:05]} {[%emt 00:00:04]} 55. Kxa1 {[%clk
00:21:09]} {[%emt 00:00:02]} Kxe6 {[%clk 01:23:26]} {[%emt 00:00:09]} 56. Kb2
{[%clk 00:21:34]} {[%emt 00:00:05]} Kf5 {[%clk 01:23:52]} {[%emt 00:00:04]} 57.
Kc3 {[%clk 00:21:31]} {[%emt 00:00:33]} Kf4 {[%clk 01:23:39]} {[%emt 00:00:43]}
58. Kd4 {[%clk 00:21:26]} {[%emt 00:00:36]} g4 {[%clk 01:23:55]} {[%emt
00:00:14]} 59. Kd3 {[%clk 00:21:20]} {[%emt 00:00:36]} Kf3 {[%clk 01:24:13]}
{[%emt 00:00:12]} 60. Kd2 {[%clk 00:21:16]} {[%emt 00:00:34]} Kg2 {[%clk
01:24:25]} {[%emt 00:00:18]} 61. Ke2 {[%clk 00:21:26]} {[%emt 00:00:18]} Kxh2
{[%clk 01:24:37]} {[%emt 00:00:20]} 62. Kf2 {[%clk 00:20:44]} {[%emt 00:01:12]}
g3+ {[%clk 01:25:02]} {[%emt 00:00:05]} 63. Kf1 {[%clk 00:21:04]} {[%emt
00:00:10]} g2+ {[%clk 01:25:22]} {[%emt 00:00:10]} 64. Ke2 {[%clk 00:21:30]}
{[%emt 00:00:04]} g1=Q {[%clk 01:25:45]} {[%emt 00:00:07]} 65. Kd3 {[%clk
00:21:53]} {[%emt 00:00:07]} Qc1 {[%clk 01:25:58]} {[%emt 00:00:14]} 66. Ke4
{[%clk 00:21:59]} {[%emt 00:00:26]} Qc3 {[%clk 01:26:20]} {[%emt 00:00:08]} 67.
Kd5 {[%clk 00:22:16]} {[%emt 00:00:12]} Qb4 {[%clk 01:26:43]} {[%emt 00:00:08]}
68. Ke5 {[%clk 00:22:39]} {[%emt 00:00:07]} Kg3 {[%clk 01:27:06]} {[%emt
00:00:07]} 69. Kd5 {[%clk 00:23:01]} {[%emt 00:00:08]} Kf4 {[%clk 01:27:25]}
{[%emt 00:00:11]} 70. Ke6 {[%clk 00:23:23]} {[%emt 00:00:08]} Qc5 {[%clk
01:27:49]} {[%emt 00:00:07]} 71. Kd7 {[%clk 00:23:22]} {[%emt 00:00:28]} Ke5
{[%clk 01:28:09]} {[%emt 00:00:12]} 72. Ke8 {[%clk 00:23:18]} {[%emt 00:00:32]}
Qa7 {[%clk 01:28:15]} {[%emt 00:00:26]} 73. Kf8 {[%clk 00:23:35]} {[%emt
00:00:06]} Kf6 {[%clk 01:28:41]} {[%emt 00:00:11]} 74. Kg8 {[%clk 00:23:56]}
{[%emt 00:00:09]} Qg7# {[%clk 01:29:02]} {[%emt 00:00:09]} 0-1